| 000 | 00541nam a22002051a 4500 | ||
|---|---|---|---|
| 001 | 7315 | ||
| 003 | OSt | ||
| 005 | 20260204212126.0 | ||
| 008 | 071011s2006||||mx ||||||b||||||||||spa|| | ||
| 020 | _a9707704241 | ||
| 050 | _a808.8381 C362m | ||
| 100 | _aChang, Jung | ||
| 245 | _aMao: la historia desconocida / Jung Chang y Jon Halliday | ||
| 264 | _aMéxico : Santillana | ||
| 300 | _a1029 p | ||
| 500 | _aIncluye indice y bibliografía | ||
| 650 | _aNovela Historia 2.Historia - China | ||
| 700 | _aHalliday, JonÌ | ||
| 942 |
_2ddc _cBK |
||
| 999 |
_c7315 _d7315 |
||